Equilibrium states on thin energy shells
Saved in:
| Main Author: | |
|---|---|
| Format: | Book |
| Language: | English |
| Published: |
Providence, R.I. :
American Mathematical Society,
1974.
|
| Series: | Memoirs of the American Mathematical Society ;
150 |
| Subjects: | |
| Tags: |
Add Tag
No Tags, Be the first to tag this record!
|
MARC
| LEADER | 00000cam a2200000 i 4500 | ||
|---|---|---|---|
| 001 | 1/47999 | ||
| 008 | 941103s1974 riu| ||| |||| ||eng|| | ||
| 020 | |a 0821818503 | ||
| 035 | |l 10043218 | ||
| 035 | |a 1993 | ||
| 040 | |a GR-MyUA |b gre |e AACR2 | ||
| 041 | 0 | |a eng | |
| 082 | 0 | |a 533.015195 | |
| 100 | 1 | |a Thompson, Richard L. | |
| 245 | 1 | 0 | |a Equilibrium states on thin energy shells / |c Richard Leslie Thompson. |
| 260 | |a Providence, R.I. : |b American Mathematical Society, |c 1974. | ||
| 300 | |a vi, 110 σ. : |b εικ. ; |c 25 εκ. | ||
| 490 | 1 | |a (Memoirs of the American Mathematical Society |v ; 150) | |
| 500 | |a Αρχικά παρουσιάστηκε ως διατριβή (διδακτορική) του συγγραφέα -- Cornell University, 1974. | ||
| 504 | |a Βιβλιογραφία: σ. 108-110. | ||
| 650 | 0 | 0 | |a Statistical mechanics. |
| 650 | 0 | 0 | |a Lattice gas. |
| 830 | 0 | |a Memoirs of the American Mathematical Society ; |v 150 | |
| 852 | |a INST |b SAMOS |e 19941103 |h 533.015195 THO |p 005300002421 |q 005300002421 |t BK |y 0 | ||
| 909 | |a Σ |b 030939 | ||